00567 2200229 4500001002100000005001700021008004100038035002400079082001000103090001700113100001600130245003800146260003500184300003100219500001100250650001200261700001500273850001500288980001300303985000600316999001500322YOGYA-0209000001683620090227022706.0 ind  0010-020900000016836 a589.9 a589.9bBis B aBISSET, K.A aBacteriacK.A. Bisset, F.W. Moore aLondonbE &S Livingstonec1952 aviii, 123 hlmbilusc25 cm aIndeks aBakteri aMOORE, F.W aYOPDYOG(b) a02-12-05 a1 aa000004212